000 01566nam a2200373 c 4500
003 BLK
005 20250122125424.0
008 180412b bul|||||r ||||||| ||bul||
010 _aKNG00002084000
020 _a954-8232-19-7
_bиздат.: Гея-Либрис
040 _aBLK
041 _aBUL
_cBUL
080 _aДекоративни растения. Декоративно градинарство
_b635.9
_x(035)
_z635.9(035)
080 _aОзеленяване. Растения. Растителни форми. Планове за озеленяване. Вж и 634.0 ; 635.9
_b712.253.4
_x(035)
_z712.253.4(035)
100 1 _aПопов, Христо
_eпърви автор
_9243929
139 _aПопов, Христо
_bП 76
245 1 0 _aБонсаи
_bРъководство
_cХристо Попов.
257 _aBGR
260 София
_bГея-Либрис
_c1994
300 _a96 с.
_bс ил.
_c22 см
380 _a7
500 _a3 000 тир.
650 4 _aБонсай - наръчници и ръководства
_9149028
650 4 _aДървесни видове, декоративни - наръчници и ръководства
_9243930
650 4 _aДекоративни растения - наръчници и ръководства
_9242106
653 _aбонсай
653 _aръководства
852 _aЦб 178445
856 4 _qpdf
_u
856 4 _qpdf
_u
942 _cKNG
_n0
_01
944 _aCR
_c15.01.2003
_k30564
_lАнна Гръцманова
944 _aED
_c04.02.2016
_kКети_Илиева
999 _c1275
_d1275